|
|
|
|
| LEADER |
00000nab a2200000 a 4500 |
| 001 |
vtls000632641 |
| 003 |
SK-MaSNL |
| 005 |
20260426101453.0 |
| 008 |
250425c1997 xo 0 slo |
| 015 |
|
|
|a SNBRB19rr/mm-uuuuu
|
| 035 |
|
|
|a CL0632780
|
| 035 |
|
|
|a urn:nbn:sk:snk-ab7hj5
|
| 035 |
|
|
|a (urnnbn)urn:nbn:sk:snk:ar-005sui
|
| 035 |
|
|
|a (uuid)7da5ed78-3eab-4fbb-ac2c-3a5367536b51
|
| 040 |
|
|
|a SNKBUCL
|b slo
|c SNKBUCL
|e AACR2
|
| 041 |
0 |
|
|a slo
|
| 044 |
|
|
|a xo
|c SK
|
| 080 |
|
|
|a 904(437.6)(048):093.3"04/14"
|2 1981
|
| 080 |
|
|
|a 093.3"04/14"
|2 1981
|
| 100 |
1 |
|
|a Žudel, Juraj,
|d 1929-2009
|4 aut
|
| 245 |
1 |
0 |
|a Sopko, J.: Kroniky stredovekého Slovenska
|c Juraj Žudel
|
| 650 |
0 |
7 |
|a kroniky
|2 snkbucl
|9 29539
|
| 650 |
0 |
7 |
|a stredovek
|2 snkbucl
|9 4259
|
| 651 |
|
7 |
|a Slovensko
|2 snkbucl
|9 14231
|
| 655 |
|
7 |
|a články z novín a časopisov
|2 snkbucl
|9 267496
|
| 700 |
1 |
|
|a Sopko, Július,
|d 1929-2020
|4 aut
|9 205169
|
| 773 |
0 |
|
|t Slovenská archivistika
|g Roč. 32, č. 1 (1997), s. 100-102
|x 0231-6722
|
| 787 |
0 |
8 |
|i Rec.:
|a Sopko, Július
|t Kroniky stredovekého Slovenska
|d Budmerice : RAK, 1995
|
| 850 |
|
|
|a Slovenská národná knižnica
|
| 852 |
|
|
|a Slovenská národná knižnica
|
| 954 |
|
|
|a odborná, vedecká literatúra pôvodná (slovenská)
|2 lita
|
| 958 |
|
|
|a article7
|
| 958 |
|
|
|a SK
|
| 958 |
|
|
|a RK
|
| 958 |
|
|
|a OND
|
| 958 |
|
|
|a EUIPO
|
| 992 |
|
|
|a RBX
|
| 999 |
|
|
|c 3229986
|d 3231916
|